| 000 | 00550nam a2200157 a 4500 | ||
|---|---|---|---|
| 001 | 000030553 | ||
| 005 | 20200930062357.0 | ||
| 008 | 110523s1974 dr 000 0 spa d | ||
| 040 |
_aDO-SdBNP _bspa _cBNPHU |
||
| 082 |
_axxx _bM533l |
||
| 245 | 0 | 0 | _aMemoria que la legación estraordinaria de la República Dominicana en Roma presenta a la santidad de León XIII, dignisimo pontifice reinante. |
| 260 |
_aSanto Domingo : _b[s.n], _c1974. |
||
| 300 |
_a86 P. ; _c32 cm. |
||
| 500 | _aIncluye referencias y notas al pie de las páginas | ||
| 049 | _aBNPD | ||
| 999 |
_c30045 _d30045 |
||